Najkrajšie prázdniny sú po prázdninách /

Hlavní autor: Bröger, Achim, 1944-
Další autoři: Zajac, Peter, 1946-
Jazyk: Slovenština
Vydáno: Bratislava : Mladé letá, 1982
Vydání: 1. vyd.
Edice: Zlatý kľúčik
Fyzický popis: 123 s. : il.
Knihy
Uloženo v:
LEADER 00976nam a2200277 a 4500
001 000532484
003 CZ BrMZK
005 20101115114927.0
007 ta
008 950101s1982 xo a f slo d
040 |a BOA001  |b cze 
041 1 |a slo  |h ger 
080 9 |a 830(4301)-93=854  |2 MRF 
100 1 |a Bröger, Achim,  |d 1944-  |7 xx0019579  |4 aut 
245 1 0 |a Najkrajšie prázdniny sú po prázdninách /  |c Achim Bröger ; z nemeckého originála ... preložil Peter Zajac ; ilustrovala Kristína Hargašová 
250 |a 1. vyd. 
260 |a Bratislava :  |b Mladé letá,  |c 1982 
300 |a 123 s. :  |b il. 
490 1 |a Zlatý kľúčik 
500 |a Pro čtenáře od 6 let 
765 0 |t Doppelte Ferien... sind am schönsten  |9 Slovensky 
700 1 |a Zajac, Peter,  |d 1946-  |7 jn19990009376  |4 trl  |4 wfw 
830 0 |a Zlatý kľúčik 
910 |a BOA001  |b 2-0863.767 
990 |a BK 
996 7 |b 2619368124  |c 2-0863.767  |l MZK  |r Sklad / do 1 hodiny  |n 0  |w 000532484  |u 000010  |a 1  |e BOA001  |j MZK50  |s A